{"text_format":"3","workbook":"xlsx","n_sheets":1,"sheets":["t308"],"read":"whole","date_system":"1900"}

{"sheet":"t308","index":0,"n_rows":211,"n_cols":7,"rows_kept":211,"merged":[[0,0,0,6],[30,0,30,5],[47,0,47,5],[155,0,155,5]]}
["TABELA 308.1 - Estatísticas Agrícolas, Município de Lucélia, Estado de São Paulo, 2007/08."]
["ITEM","UNIDADE","N.DE UPAs","MÍNIMO","MÉDIO","MÁXIMO","TOTAL"]
["Distância à sede do município","km",611,0.1,{"v":7.44,"d":"7.4"},{"v":32,"d":"32.0"},"-"]
["Área total","hectare",611,0.2,48.9,{"v":2537.1,"d":"2,537.1"},{"v":29879.2,"d":"29,879.2"}]
["Área com cultura perene","hectare",151,0.1,{"v":4.11,"d":"4.1"},36.3,620.2]
["Área com cultura temporária","hectare",239,0.1,{"v":45.95,"d":"46.0"},{"v":1859.5,"d":"1,859.5"},{"v":10982.47,"d":"10,982.5"}]
["Área com pastagem","hectare",533,0.1,{"v":28.23,"d":"28.2"},930.8,{"v":15046.8,"d":"15,046.8"}]
["Área com reflorestamento","hectare",88,0.1,1.7,{"v":10,"d":"10.0"},149.8]
["Área com vegetação natural","hectare",163,0.1,{"v":11.53,"d":"11.5"},497.3,{"v":1878.63,"d":"1,878.6"}]
["Área com vegetação de brejo e várzea","hectare",69,0.1,{"v":6.66,"d":"6.7"},161.1,459.7]
["Área em descanso","hectare",35,0.1,{"v":5,"d":"5.0"},{"v":48,"d":"48.0"},{"v":175,"d":"175.0"}]
["Área complementar","hectare",553,0.1,{"v":1.02,"d":"1.0"},{"v":60,"d":"60.0"},566.6]
["Área das UPAs com (0, 1] ha","hectare",17,0.2,{"v":0.54,"d":"0.5"},{"v":1,"d":"1.0"},9.1]
["Área das UPAs com (1, 2] ha","hectare",13,1.2,{"v":1.41,"d":"1.4"},{"v":2,"d":"2.0"},18.3]
["Área das UPAs com (2, 5] ha","hectare",84,2.1,{"v":3.85,"d":"3.9"},4.9,323.1]
["Área das UPAs com (5, 10] ha","hectare",123,5.2,{"v":7.44,"d":"7.4"},9.9,915.5]
["Área das UPAs com (10, 20] ha","hectare",128,10.1,{"v":14.33,"d":"14.3"},19.9,{"v":1834.6,"d":"1,834.6"}]
["Área das UPAs com (20, 50] ha","hectare",129,20.1,31.4,49.9,{"v":4050.1,"d":"4,050.1"}]
["Área das UPAs com (50, 100] ha","hectare",52,50.1,{"v":73.25,"d":"73.3"},96.7,{"v":3808.9,"d":"3,808.9"}]
["Área das UPAs com (100, 200] ha","hectare",38,101.6,{"v":143.63,"d":"143.6"},195.4,{"v":5458.1,"d":"5,458.1"}]
["Área das UPAs com (200, 500] ha","hectare",20,217.7,{"v":314.72,"d":"314.7"},453.5,{"v":6294.3,"d":"6,294.3"}]
["Área das UPAs com (500, 1.000] ha","hectare",4,533.6,{"v":647.88,"d":"647.9"},877.3,{"v":2591.5,"d":"2,591.5"}]
["Área das UPAs com (1.000, 2.000] ha","hectare",2,{"v":1010.1,"d":"1,010.1"},{"v":1019.3,"d":"1,019.3"},{"v":1028.5,"d":"1,028.5"},{"v":2038.6,"d":"2,038.6"}]
["Área das UPAs com (2.000, 5.000] ha","hectare",1,{"v":2537.1,"d":"2,537.1"},{"v":2537.1,"d":"2,537.1"},{"v":2537.1,"d":"2,537.1"},{"v":2537.1,"d":"2,537.1"}]
["Área das UPAs com (5.000, 10.000] ha","hectare","-","-","-","-","-"]
["Área das UPAs acima de 10.000 ha","hectare","-","-","-","-","-"]
["Familiares do proprietário que trabalham na UPA","unidade",486,{"v":1,"d":"1.0"},{"v":1.54,"d":"1.5"},{"v":8,"d":"8.0"},{"v":748,"d":"748.0"}]
["Trabalhadores permanentes","unidade",108,{"v":1,"d":"1.0"},{"v":2,"d":"2.0"},{"v":20,"d":"20.0"},{"v":216,"d":"216.0"}]
["Fonte: Secretaria de Agricultura e Abastecimento, CDRS/IEA, Projeto LUPA."]
[]
["TABELA 308.2 - Explorações Animais, Município de Lucélia, Estado de São Paulo, 2007/08."]
["ITEM","UNIDADE","N.DE UPAs","MÍNIMO","MÉDIO","MÁXIMO","TOTAL"]
["Apicultura","colmeias",2,{"v":1,"d":"1.0"},{"v":3,"d":"3.0"},{"v":5,"d":"5.0"},{"v":6,"d":"6.0"}]
["Asininos E Muares","cabeças",60,{"v":1,"d":"1.0"},2.3,{"v":12,"d":"12.0"},{"v":138,"d":"138.0"}]
["Avicultura de Corte","cabeças/ano",4,{"v":30,"d":"30.0"},102.5,{"v":200,"d":"200.0"},{"v":410,"d":"410.0"}]
["Avicultura Ornamental/Decorativa/Exótica","cabeças",2,{"v":48,"d":"48.0"},{"v":49,"d":"49.0"},{"v":50,"d":"50.0"},{"v":98,"d":"98.0"}]
["Avicultura para Ovos","cabeças",26,{"v":6,"d":"6.0"},{"v":8636.12,"d":"8,636.1"},{"v":223000,"d":"223,000.0"},{"v":224539,"d":"224,539.0"}]
["Bovinocultura de Corte","cabeças",49,{"v":6,"d":"6.0"},{"v":110.41,"d":"110.4"},{"v":756,"d":"756.0"},{"v":5410,"d":"5,410.0"}]
["Bovinocultura Leiteira","cabeças",45,{"v":1,"d":"1.0"},{"v":30.71,"d":"30.7"},{"v":248,"d":"248.0"},{"v":1382,"d":"1,382.0"}]
["Bovinocultura Mista","cabeças",254,{"v":1,"d":"1.0"},{"v":58.11,"d":"58.1"},{"v":633,"d":"633.0"},{"v":14760,"d":"14,760.0"}]
["Cunicultura","cabeças",1,{"v":1,"d":"1.0"},{"v":1,"d":"1.0"},{"v":1,"d":"1.0"},{"v":1,"d":"1.0"}]
["Equinocultura","cabeças",118,{"v":1,"d":"1.0"},{"v":2.47,"d":"2.5"},{"v":16,"d":"16.0"},{"v":291,"d":"291.0"}]
["Ovinocultura","cabeças",18,{"v":1,"d":"1.0"},{"v":39.06,"d":"39.1"},{"v":170,"d":"170.0"},{"v":703,"d":"703.0"}]
["Piscicultura","m² tanques",1,{"v":11000,"d":"11,000.0"},{"v":11000,"d":"11,000.0"},{"v":11000,"d":"11,000.0"},{"v":11000,"d":"11,000.0"}]
["Suinocultura","cabeças",19,{"v":2,"d":"2.0"},{"v":19.26,"d":"19.3"},{"v":110,"d":"110.0"},{"v":366,"d":"366.0"}]
["Fonte: Secretaria de Agricultura e Abastecimento, CDRS/IEA, Projeto LUPA."]
[]
["TABELA 308.3 -  Máquinas, Implementos e Benfeitorias, Município de Lucélia, Estado de São Paulo, 2007/08."]
["ITEM","UNIDADE","N.DE UPAs","MÍNIMO","MÉDIO","MÁXIMO","TOTAL"]
["Arado Comum (Bacia, Aiveca)","Unidade",40,{"v":1,"d":"1.0"},{"v":1.65,"d":"1.7"},{"v":13,"d":"13.0"},{"v":66,"d":"66.0"}]
["Arado Escarificador","Unidade",1,{"v":1,"d":"1.0"},{"v":1,"d":"1.0"},{"v":1,"d":"1.0"},{"v":1,"d":"1.0"}]
["Arado Subsolador","Unidade",8,{"v":1,"d":"1.0"},{"v":1.88,"d":"1.9"},{"v":7,"d":"7.0"},{"v":15,"d":"15.0"}]
["Batedeira de Cereais","Unidade",9,{"v":1,"d":"1.0"},{"v":1,"d":"1.0"},{"v":1,"d":"1.0"},{"v":9,"d":"9.0"}]
["Câmara Fria","Unidade",2,{"v":3,"d":"3.0"},{"v":3,"d":"3.0"},{"v":3,"d":"3.0"},{"v":6,"d":"6.0"}]
["Carregadeira de Cana","Unidade",3,{"v":1,"d":"1.0"},{"v":9.67,"d":"9.7"},{"v":25,"d":"25.0"},{"v":29,"d":"29.0"}]
["Colhedeira Acoplada","Unidade",8,{"v":1,"d":"1.0"},{"v":1.13,"d":"1.1"},{"v":2,"d":"2.0"},{"v":9,"d":"9.0"}]
["Colhedeira Automotriz","Unidade",2,{"v":1,"d":"1.0"},{"v":1,"d":"1.0"},{"v":1,"d":"1.0"},{"v":2,"d":"2.0"}]
["Computador","Unidade",2,{"v":1,"d":"1.0"},75.5,{"v":150,"d":"150.0"},{"v":151,"d":"151.0"}]
["Conj.Irrigação Autopropelido","Unidade",1,{"v":1,"d":"1.0"},{"v":1,"d":"1.0"},{"v":1,"d":"1.0"},{"v":1,"d":"1.0"}]
["Conj.Irrigação Convencional","Unidade",6,{"v":1,"d":"1.0"},{"v":1.83,"d":"1.8"},{"v":6,"d":"6.0"},{"v":11,"d":"11.0"}]
["Conj.Irrigação/Gotejamento/Microaspersão","Unidade",3,{"v":1,"d":"1.0"},{"v":1.67,"d":"1.7"},{"v":3,"d":"3.0"},{"v":5,"d":"5.0"}]
["Desintegrador de Palha (Plantio Direto)","Unidade",1,{"v":1,"d":"1.0"},{"v":1,"d":"1.0"},{"v":1,"d":"1.0"},{"v":1,"d":"1.0"}]
["Desintegrador, Picador, Triturador","Unidade",127,{"v":1,"d":"1.0"},{"v":1.06,"d":"1.1"},{"v":4,"d":"4.0"},{"v":134,"d":"134.0"}]
["Distribuidor de Calcário","Unidade",12,{"v":1,"d":"1.0"},{"v":1.08,"d":"1.1"},{"v":2,"d":"2.0"},{"v":13,"d":"13.0"}]
["Ensiladeira","Unidade",10,{"v":1,"d":"1.0"},1.4,{"v":3,"d":"3.0"},{"v":14,"d":"14.0"}]
["Grade Aradora (Tipo Romi)","Unidade",22,{"v":1,"d":"1.0"},1.5,{"v":11,"d":"11.0"},{"v":33,"d":"33.0"}]
["Grade Niveladora","Unidade",24,{"v":1,"d":"1.0"},{"v":1.33,"d":"1.3"},{"v":6,"d":"6.0"},{"v":32,"d":"32.0"}]
["Implementos para Tração Animal","Unidade",24,{"v":1,"d":"1.0"},{"v":2.25,"d":"2.3"},{"v":6,"d":"6.0"},{"v":54,"d":"54.0"}]
["Máquina de Classificar Frutas","Unidade",1,{"v":1,"d":"1.0"},{"v":1,"d":"1.0"},{"v":1,"d":"1.0"},{"v":1,"d":"1.0"}]
["Microtrator","Unidade",2,{"v":1,"d":"1.0"},{"v":1,"d":"1.0"},{"v":1,"d":"1.0"},{"v":2,"d":"2.0"}]
["Misturador de Ração","Unidade",4,{"v":1,"d":"1.0"},1.5,{"v":2,"d":"2.0"},{"v":6,"d":"6.0"}]
["Ordenhadeira Mecânica","Unidade",9,{"v":1,"d":"1.0"},{"v":1,"d":"1.0"},{"v":1,"d":"1.0"},{"v":9,"d":"9.0"}]
["Pulverizador Tratorizado","Unidade",22,{"v":1,"d":"1.0"},{"v":1.45,"d":"1.5"},{"v":6,"d":"6.0"},{"v":32,"d":"32.0"}]
["Resfriador de Leite, Tanque Expansão","Unidade",8,{"v":1,"d":"1.0"},{"v":1.25,"d":"1.3"},{"v":2,"d":"2.0"},{"v":10,"d":"10.0"}]
["Semeadeira/Adubadeira para Plantio Convencional","Unidade",14,{"v":1,"d":"1.0"},{"v":1.07,"d":"1.1"},{"v":2,"d":"2.0"},{"v":15,"d":"15.0"}]
["Semeadeira/Plantadeira Plantio Direto","Unidade",15,{"v":1,"d":"1.0"},2.8,{"v":28,"d":"28.0"},{"v":42,"d":"42.0"}]
["Terraceador","Unidade",5,{"v":1,"d":"1.0"},{"v":2,"d":"2.0"},{"v":6,"d":"6.0"},{"v":10,"d":"10.0"}]
["Trator de Esteiras","Unidade",2,{"v":1,"d":"1.0"},{"v":1,"d":"1.0"},{"v":1,"d":"1.0"},{"v":2,"d":"2.0"}]
["Trator de Pneus","Unidade",90,{"v":1,"d":"1.0"},{"v":1.82,"d":"1.8"},{"v":41,"d":"41.0"},{"v":164,"d":"164.0"}]
["Açude/Represa","Unidade",208,{"v":1,"d":"1.0"},{"v":1.56,"d":"1.6"},{"v":8,"d":"8.0"},{"v":324,"d":"324.0"}]
["Almoxarifado/Oficina","Unidade",10,{"v":1,"d":"1.0"},1.4,{"v":4,"d":"4.0"},{"v":14,"d":"14.0"}]
["Armazém para Grãos Ensacados","Sacas",4,{"v":1,"d":"1.0"},{"v":200250.5,"d":"200,250.5"},{"v":800000,"d":"800,000.0"},{"v":801002,"d":"801,002.0"}]
["Balança para Bovinos","Unidade",5,{"v":1,"d":"1.0"},1.2,{"v":2,"d":"2.0"},{"v":6,"d":"6.0"}]
["Balança para Veículos","Unidade",4,{"v":1,"d":"1.0"},{"v":1.25,"d":"1.3"},{"v":2,"d":"2.0"},{"v":5,"d":"5.0"}]
["Barracão para Granja/Avicultura","Unidade",2,{"v":1,"d":"1.0"},15.5,{"v":30,"d":"30.0"},{"v":31,"d":"31.0"}]
["Barracão/Galpão/Garagem","Unidade",169,{"v":1,"d":"1.0"},{"v":1.24,"d":"1.2"},{"v":7,"d":"7.0"},{"v":209,"d":"209.0"}]
["Casa de Moradia Habitada","Unidade",364,{"v":1,"d":"1.0"},{"v":1.45,"d":"1.5"},{"v":11,"d":"11.0"},{"v":527,"d":"527.0"}]
["Casa de Moradia Total","Unidade",467,{"v":1,"d":"1.0"},{"v":1.73,"d":"1.7"},{"v":14,"d":"14.0"},{"v":806,"d":"806.0"}]
["Curral/Mangueira","Unidade",323,{"v":1,"d":"1.0"},{"v":1.03,"d":"1.0"},{"v":4,"d":"4.0"},{"v":333,"d":"333.0"}]
["Depósito/Tulha","Unidade",306,{"v":1,"d":"1.0"},{"v":1.11,"d":"1.1"},{"v":4,"d":"4.0"},{"v":340,"d":"340.0"}]
["Engenho","Unidade",3,{"v":1,"d":"1.0"},{"v":1,"d":"1.0"},{"v":1,"d":"1.0"},{"v":3,"d":"3.0"}]
["Estábulo","Unidade",3,{"v":1,"d":"1.0"},{"v":1,"d":"1.0"},{"v":1,"d":"1.0"},{"v":3,"d":"3.0"}]
["Estufa/Plasticultura","m²",3,{"v":1,"d":"1.0"},{"v":5333.67,"d":"5,333.7"},{"v":12000,"d":"12,000.0"},{"v":16001,"d":"16,001.0"}]
["Fábrica de Ração","Unidade",2,{"v":1,"d":"1.0"},{"v":1,"d":"1.0"},{"v":1,"d":"1.0"},{"v":2,"d":"2.0"}]
["Instalações para Equinos","Unidade",2,{"v":1,"d":"1.0"},1.5,{"v":2,"d":"2.0"},{"v":3,"d":"3.0"}]
["Máquina de Benefício","Unidade",3,{"v":1,"d":"1.0"},{"v":1,"d":"1.0"},{"v":1,"d":"1.0"},{"v":3,"d":"3.0"}]
["Olaria","Unidade",2,{"v":1,"d":"1.0"},{"v":1,"d":"1.0"},{"v":1,"d":"1.0"},{"v":2,"d":"2.0"}]
["Pocilga","Unidade",18,{"v":1,"d":"1.0"},{"v":1,"d":"1.0"},{"v":1,"d":"1.0"},{"v":18,"d":"18.0"}]
["Poço Semi-Artesiano","Unidade",60,{"v":1,"d":"1.0"},{"v":1.08,"d":"1.1"},{"v":4,"d":"4.0"},{"v":65,"d":"65.0"}]
["Secador de Grãos","Unidade",2,{"v":1,"d":"1.0"},{"v":1,"d":"1.0"},{"v":1,"d":"1.0"},{"v":2,"d":"2.0"}]
["Silo para Grãos","t",3,{"v":2,"d":"2.0"},{"v":219,"d":"219.0"},{"v":645,"d":"645.0"},{"v":657,"d":"657.0"}]
["Silo para Silagem","t",2,{"v":3,"d":"3.0"},251.5,{"v":500,"d":"500.0"},{"v":503,"d":"503.0"}]
["Terreiro","m²",166,{"v":1,"d":"1.0"},{"v":287.67,"d":"287.7"},{"v":10000,"d":"10,000.0"},{"v":47753,"d":"47,753.0"}]
["Usina de Açúcar/destilaria","Unidade",3,{"v":1,"d":"1.0"},{"v":1,"d":"1.0"},{"v":1,"d":"1.0"},{"v":3,"d":"3.0"}]
["Fonte: Secretaria de Agricultura e Abastecimento, CDRS/IEA, Projeto LUPA."]
[]
["TABELA 308.4 - Outras Estatísticas Agrícolas, Município de Lucélia, Estado de São Paulo, 2007/08."]
["ITEM","Número de UPAs",null,"Percentual"]
["Faz Parte de Associação de Produtores",199,null,{"v":32.56955810147299,"d":"32.6"}]
["Faz Parte de Cooperativa de Produtores",373,null,{"v":61.04746317512274,"d":"61.0"}]
["Faz Parte do Sindicato de Produtores",123,null,{"v":20.130932896890343,"d":"20.1"}]
["Não utiliza assistência técnica ",431,null,{"v":70.54009819967267,"d":"70.5"}]
["Utiliza somente assistência técnica governamental ",87,null,{"v":14.238952536824877,"d":"14.2"}]
["Utiliza somente assistência técnica privada ",68,null,{"v":11.129296235679215,"d":"11.1"}]
["Utiliza assistência técnica tanto governamental quanto privada",25,null,{"v":4.091653027823241,"d":"4.1"}]
["Utiliza Crédito Rural",60,null,{"v":9.819967266775777,"d":"9.8"}]
["Utiliza Seguro Rural",10,null,{"v":1.6366612111292962,"d":"1.6"}]
["Utiliza Escrituração Agrícola",109,null,{"v":17.83960720130933,"d":"17.8"}]
["Acessa Internet p/ Fins na Agropecuária",18,null,{"v":2.9459901800327333,"d":"2.9"}]
["Utiliza Computador nas Atividades Agropecuárias",27,null,{"v":4.4189852700491,"d":"4.4"}]
["Utiliza Energia Elétrica Para Uso na Atividade Agrícola",446,null,{"v":72.9950900163666,"d":"73.0"}]
["Realiza Análise de Solo, quando necessário",98,null,{"v":16.0392798690671,"d":"16.0"}]
["Utiliza Práticas de Conservação de Solo, quando necessário",218,null,{"v":35.67921440261866,"d":"35.7"}]
["Faz Adubação Mineral, quando necessário",197,null,{"v":32.242225859247135,"d":"32.2"}]
["Faz Adubação Orgânica, quando necessário",131,null,{"v":21.44026186579378,"d":"21.4"}]
["Faz Adubação Verde, quando necessário",39,null,{"v":6.382978723404255,"d":"6.4"}]
["Utiliza Manejo Integrado de Pragas (MIP)",1,null,{"v":0.16366612111292964,"d":"0.2"}]
["Utiliza Hidroponia","-",null,"-"]
["Utiliza Plasticultura",1,null,{"v":0.16366612111292964,"d":"0.2"}]
["Utiliza Mudas Fiscalizadas",62,null,{"v":10.147299509001636,"d":"10.1"}]
["Utiliza Semente Melhorada",177,null,{"v":28.968903436988544,"d":"29.0"}]
["Faz Confinamento de Bovinos",3,null,{"v":0.4909983633387889,"d":"0.5"}]
["Utiliza Pastejo Intensivo",21,null,{"v":3.4369885433715224,"d":"3.4"}]
["Faz Inseminação Artificial",3,null,{"v":0.4909983633387889,"d":"0.5"}]
["Faz Mineralização do Rebanho",307,null,{"v":50.245499181669395,"d":"50.2"}]
["Faz Vermifugação do Rebanho",310,null,{"v":50.73649754500818,"d":"50.7"}]
["Possui Parceiros /Arrendatários na Exploração Animal",62,null,{"v":10.147299509001636,"d":"10.1"}]
["Esporte e lazer",3,null,{"v":0.4909983633387889,"d":"0.5"}]
["Extração mineral","-",null,"-"]
["Hotel Fazenda, Pousada ou SPA","-",null,"-"]
["Pesque-pague","-",null,"-"]
["Restaurante ou Lanchonete",1,null,{"v":0.16366612111292964,"d":"0.2"}]
["Transformação artesanal","-",null,"-"]
["Turismo rural ou ecoturismo","-",null,"-"]
["Outras atividades econômicas rurais",4,null,{"v":0.6546644844517184,"d":"0.7"}]
["Agroindústria",1,null,{"v":0.16366612111292964,"d":"0.2"}]
["Proprietário sem instrução ou com instrução incompleta",49,null,{"v":8.01963993453355,"d":"8.0"}]
["Proprietário com antigo primário completo",268,null,{"v":43.86252045826514,"d":"43.9"}]
["Proprietário com 1° grau (ou antigo ginasial) completo",59,null,{"v":9.656301145662848,"d":"9.7"}]
["Proprietário com 2° grau (ou antigo colegial) completo",105,null,{"v":17.18494271685761,"d":"17.2"}]
["Proprietário com curso superior completo ",114,null,{"v":18.657937806873974,"d":"18.7"}]
["Pessoa Jurídica",16,null,{"v":2.618657937806874,"d":"2.6"}]
["Proprietário residente na própria UPA ",190,null,{"v":31.09656301145663,"d":"31.1"}]
["Fonte: Secretaria de Agricultura e Abastecimento, CDRS/IEA, Projeto LUPA."]
[]
["TABELA 308.5 - Área Cultivada, Município de Lucélia, Estado de São Paulo, 2007/08."]
["CULTURA","N.DE UPAs","MÍNIMO","MÉDIO","MÁXIMO","TOTAL"]
["Braquiaria",520,0.1,28.7,930.8,{"v":14922.5,"d":"14,922.5"}]
["Cana-de-acucar",173,0.1,{"v":61.28,"d":"61.3"},{"v":1859.5,"d":"1,859.5"},{"v":10601.2,"d":"10,601.2"}]
["Cafe",134,0.1,{"v":4.06,"d":"4.1"},36.3,544.7]
["Milho",53,0.1,4.1,{"v":50,"d":"50.0"},217.2]
["Eucalipto",86,0.1,{"v":1.67,"d":"1.7"},{"v":10,"d":"10.0"},143.7]
["Gramas",14,0.6,{"v":6.19,"d":"6.2"},{"v":24,"d":"24.0"},86.7]
["Amendoim",1,36.3,36.3,36.3,36.3]
["Crotalaria",1,33.7,33.7,33.7,33.7]
["Algodao",2,8.3,{"v":13.85,"d":"13.9"},19.4,27.7]
["Seringueira",6,{"v":1,"d":"1.0"},4.4,{"v":6,"d":"6.0"},26.4]
["Feijao",10,0.2,{"v":1.67,"d":"1.7"},9.2,16.7]
["Maracuja",12,0.1,{"v":1.21,"d":"1.2"},{"v":3,"d":"3.0"},14.5]
["Coloniao",1,12.6,12.6,12.6,12.6]
["Capim-napier (ou capim-elefante)",9,0.3,{"v":1.38,"d":"1.4"},4.8,12.4]
["Urucum (ou urucu)",3,{"v":1,"d":"1.0"},{"v":3.73,"d":"3.7"},{"v":9,"d":"9.0"},11.2]
["Outras gramineas para pastagem",2,0.6,5.1,9.6,10.2]
["Alface",8,0.1,{"v":1.08,"d":"1.1"},3.4,8.6]
["Tangerina",1,7.2,7.2,7.2,7.2]
["Abacate",3,1.1,2.1,{"v":4,"d":"4.0"},6.3]
["Banana",3,0.1,{"v":1.73,"d":"1.7"},{"v":5,"d":"5.0"},5.2]
["Horta domestica",3,0.1,1.7,4.2,5.1]
["Coco-da-baia",1,{"v":5,"d":"5.0"},{"v":5,"d":"5.0"},{"v":5,"d":"5.0"},{"v":5,"d":"5.0"}]
["Pinus",1,3.7,3.7,3.7,3.7]
["Couve (ou couve-crespa)",4,0.2,{"v":0.78,"d":"0.8"},1.5,3.1]
["Outras frutiferas",1,{"v":3,"d":"3.0"},{"v":3,"d":"3.0"},{"v":3,"d":"3.0"},{"v":3,"d":"3.0"}]
["Caqui",2,0.2,1.4,2.6,2.8]
["Viveiro de flores e ornamentais",1,2.7,2.7,2.7,2.7]
["Milho-silagem",1,2.4,2.4,2.4,2.4]
["Sorgo-vassoura",1,2.4,2.4,2.4,2.4]
["Sorgo-forrageiro",1,2.4,2.4,2.4,2.4]
["Mandioca",3,0.3,0.8,1.5,2.4]
["Pupunha",1,{"v":2,"d":"2.0"},{"v":2,"d":"2.0"},{"v":2,"d":"2.0"},{"v":2,"d":"2.0"}]
["Laranja",1,1.8,1.8,1.8,1.8]
["Manga",2,0.8,0.9,{"v":1,"d":"1.0"},1.8]
["Outras florestais",2,0.3,0.9,1.5,1.8]
["Pomar domestico",7,0.1,{"v":0.24,"d":"0.2"},{"v":1,"d":"1.0"},1.7]
["Tomate envarado",1,1.2,1.2,1.2,1.2]
["Macadamia (ou noz-macadamia)",1,1.2,1.2,1.2,1.2]
["Outras olericolas",1,1.1,1.1,1.1,1.1]
["Limao",1,1.1,1.1,1.1,1.1]
["Couve-flor",1,{"v":1,"d":"1.0"},{"v":1,"d":"1.0"},{"v":1,"d":"1.0"},{"v":1,"d":"1.0"}]
["Beterraba",2,0.2,0.5,0.8,{"v":1,"d":"1.0"}]
["Nabica (v)",1,0.8,0.8,0.8,0.8]
["Caju",1,0.8,0.8,0.8,0.8]
["Cebolinha",3,0.1,{"v":0.27,"d":"0.3"},0.4,0.8]
["Arroz",1,0.7,0.7,0.7,0.7]
["Chicoria (ou chicoria-de-folha-crespa)",2,0.3,{"v":0.35,"d":"0.4"},0.4,0.7]
["Viveiro de florestais",1,0.6,0.6,0.6,0.6]
["Brocolos (ou brocolis)",1,0.4,0.4,0.4,0.4]
["Feijao-vagem (ou vagem, ou feijao-verde)",1,0.3,0.3,0.3,0.3]
["Espinafre (ou espinafre-europeu)",1,0.2,0.2,0.2,0.2]
["Mamona",1,0.2,0.2,0.2,0.2]
["Cenoura",1,0.1,0.1,0.1,0.1]
["Fonte: Secretaria de Agricultura e Abastecimento, CDRS/IEA, Projeto LUPA."]